01011nam a22001817a 4500003000400000005001700004008004100021022001800062040003100080245004800111260003700159300002900196500041600225650003800641942001500679999001500694952012000709OSt20241217105326.0241217b |||||||| |||| 00| 0 eng d 29781405753203 cCentral University Library aLaw Reports of the Commonwealth 2010 Vol. 4 aLondon, UKbButtwerworthscc2010 axxviii, 810 pagesc24 cm aGeneral Editors: Read James S. Prof. LL.B. of Gray’s Inn, Barrister. Slinn Peter E. M.A., PhD., Solicitor, England and Wales. Series Editor: Neville James BCL of King's Inn and of London's Inn, Barrister Sub-editor: Emile LLB, LLM, Ian Law. Editorial Consultant: Stafford Dianne, Director Legal and Constitutional Affairs Division, Commonwealth Secretariat. Senior Production Manager: Christine Stone.  2Law ReportxCommonwealth Nations  2lcccBKn0 c2373d2373 00102lcc40708NFICaMLLbMLLcGENd2024-12-17l0oLRC10 Vol. 4pLLM00001426r2024-12-17 10:54:07w2024-12-17yBK